[Event "Ruhrgebiet VK3 0405"]
[Site "Ruhrgebiet"]
[Date "2004.11.28"]
[Round "4.1"]
[White "Zwielich, Frank"]
[Black "Evertz, Dieter"]
[Result "1/2-1/2"]
[WhiteElo "2032"]
[BlackElo "2035"]
[PlyCount "103"]
[EventDate "2004.09.12"]
[EventType "team"]
[EventRounds "9"]
[EventCountry "GER"]
[SourceTitle "EXT 2006"]
[Source "ChessBase"]
[SourceDate "2005.11.24"]
[SourceVersion "1"]
[SourceVersionDate "2005.11.24"]
[SourceQuality "1"]
[WhiteTeam "Wattenscheid IV"]
[BlackTeam "Herne Sodingen II"]
[WhiteTeamCountry "GER"]
[BlackTeamCountry "GER"]

1. d4 Nf6 2. c4 c5 3. d5 b5 4. Nf3 g6 5. cxb5 a6 6. Qc2 Nxd5 7. Qxc5 Nf6 8. e3 Bb7 9. Nc3 Bg7 10. a4 axb5 11. Bxb5 0-0 12. 0-0 Na6 13. Qa3 Bxf3 14. gxf3 Qc7 15. Rd1 Qe5 16. e4 d6 17. Be3 Rfc8 18. Rac1 Nc5 19. b4 Ne6 20. Nd5 Nxd5 21. Rxd5 Qf6 22. Bc6 Qxf3 23. Bxa8 Rxa8 24. Rd3 Be5 25. Rc4 h5 26. b5 h4 27. Bh6 Qg4+ 28. Kf1 g5 29. b6 Nf4 30. Rf3 Kh7 31. b7 Rb8 32. Bxg5 Qxg5 33. Rb4 Qg2+ 34. Ke1 Qg1+ 35. Kd2 Qf1 36. Qe3 Ne6 37. Rxf7+ Kg8 38. Rf5 Qa1 39. Qb3 d5 40. exd5 Nc5 41. Qe3 Bd4 42. Rg5+ Kf7 43. Qf3+ Bf6 44. Qh5+ Kf8 45. Qh6+ Ke8 46. Qg6+ Kd8 47. Qg8+ Kd7 48. Qxb8 Qc3+ 49. Kd1 Qd3+ 50. Kc1 Bxg5+ 51. f4 Qc3+ 52. Kd1 1/2-1/2

[Event "Ruhrgebiet VK3 0405"]
[Site "Ruhrgebiet"]
[Date "2004.09.12"]
[Round "1.1"]
[White "Evertz, Dieter"]
[Black "Villwock, Martin"]
[Result "1-0"]
[WhiteElo "2035"]
[BlackElo "2109"]
[PlyCount "57"]
[EventDate "2004.09.12"]
[EventType "team"]
[EventRounds "9"]
[EventCountry "GER"]
[SourceTitle "EXT 2006"]
[Source "ChessBase"]
[SourceDate "2005.11.24"]
[SourceVersion "1"]
[SourceVersionDate "2005.11.24"]
[SourceQuality "1"]
[WhiteTeam "Herne Sodingen II"]
[BlackTeam "Katernberg III"]
[WhiteTeamCountry "GER"]
[BlackTeamCountry "GER"]

1. b3 e5 2. Bb2 Nc6 3. e3 Nf6 4. Bb5 Bd6 5. Ne2 a6 6. Bxc6 dxc6 7. d4 exd4 8. Qxd4 Qe7 9. Nd2 Bg4 10. Nc4 Bb4+ 11. Kf1 Bc5 12. Qf4 0-0-0 13. Bxf6 Bxe2+ 14. Kxe2 gxf6 15. Rad1 Rd5 16. Rd3 Qe6 17. Rhd1 Rg8 18. Qf3 Rf5 19. Qh3 Rd5 20. Rxd5 cxd5 21. Rxd5 Bb4 22. Rh5 b5 23. Nb2 Rg7 24. Nd3 Bd6 25. Qf3 Kb8 26. h3 Be5 27. g4 Qd6 28. Qe4 Rg8 29. Rxh7 1-0

[Event "Ruhrgebiet Regionalliga 0304"]
[Site "Ruhrgebiet"]
[Date "2004.05.02"]
[Round "9.7"]
[White "Evertz, Dieter"]
[Black "Fink, Norbert"]
[Result "0-1"]
[WhiteElo "2084"]
[BlackElo "2101"]
[PlyCount "92"]
[EventDate "2003.10.05"]
[EventType "team"]
[EventRounds "9"]
[EventCountry "GER"]
[SourceTitle "EXT 2007"]
[Source "ChessBase"]
[SourceDate "2006.11.23"]
[SourceVersion "1"]
[SourceVersionDate "2006.11.23"]
[SourceQuality "1"]
[WhiteTeam "Herne Sodingen"]
[BlackTeam "Essen Ueberruhr"]
[WhiteTeamCountry "GER"]
[BlackTeamCountry "GER"]

1. c4 e5 2. Nc3 Nf6 3. g3 Bc5 4. Bg2 0-0 5. a3 a5 6. e3 c6 7. Nge2 d6 8. d4 Bb6 9. 0-0 Bd7 10. h3 Re8 11. Kh2 Bf5 12. d5 e4 13. Kg1 h6 14. Nd4 Bc8 15. f4 h5 16. Rb1 Bc5 17. b4 axb4 18. axb4 Bb6 19. Bb2 Na6 20. b5 cxb5 21. Ncxb5 Bc5 22. Bc3 Bd7 23. Qd2 Qc8 24. Kh2 Nc7 25. Rfc1 Ra4 26. Bf1 Rd8 27. Ra1 Ra6 28. Nxc7 Rxa1 29. Rxa1 Qxc7 30. Qb2 Rb8 31. Ba5 b6 32. Bc3 b5 33. Nxb5 Bxb5 34. cxb5 Nxd5 35. Bxg7 Nxe3 36. Be2 h4 37. gxh4 Nf5 38. Bf6 Be3 39. Rf1 Rc8 40. Bd1 Qc4 41. Qg2+ Kf8 42. Bg4 Qd3 43. Be2 Qd2 44. Bd1 Bxf4+ 45. Rxf4 Qxf4+ 46. Kg1 Rc1 0-1

[Event "Ruhrgebiet Regionalliga 0304"]
[Site "Ruhrgebiet"]
[Date "2004.02.15"]
[Round "6.6"]
[White "Evertz, Dieter"]
[Black "Dick, Matthias"]
[Result "0-1"]
[WhiteElo "2084"]
[BlackElo "1997"]
[PlyCount "92"]
[EventDate "2003.10.05"]
[EventType "team"]
[EventRounds "9"]
[EventCountry "GER"]
[SourceTitle "EXT 2007"]
[Source "ChessBase"]
[SourceDate "2006.11.23"]
[SourceVersion "1"]
[SourceVersionDate "2006.11.23"]
[SourceQuality "1"]
[WhiteTeam "Herne Sodingen"]
[BlackTeam "Muelheim Nord II"]
[WhiteTeamCountry "GER"]
[BlackTeamCountry "GER"]

1. c4 c6 2. Nc3 d5 3. d4 Nf6 4. Bg5 dxc4 5. Bxf6 exf6 6. e4 b5 7. a3 a6 8. Nge2 f5 9. Ng3 fxe4 10. Ncxe4 g6 11. Qf3 Bg7 12. 0-0-0 Be6 13. Nc5 0-0 14. Nxe6 fxe6 15. Qe3 Qd5 16. Be2 Nd7 17. Bf3 Qd6 18. Rhe1 Rae8 19. Ne4 Qxh2 20. Rh1 Qf4 21. Qxf4 Rxf4 22. Nd6 Rd8 23. Nb7 Rdf8 24. Bxc6 Nb8 25. Bf3 Rxd4 26. Nc5 Rxd1+ 27. Rxd1 Kf7 28. Rd6 Be5 29. Rxe6 Bd4 30. Bd5 Bxc5 31. f3 Kg7 32. a4 Rd8 33. Bb7 Kf7 34. Re5 Bd6 35. Re4 g5 36. Kc2 Rd7 37. Bd5+ Kf8 38. axb5 axb5 39. Re6 Bf4 40. Be4 Rd2+ 41. Kc3 Rd6 42. Rxd6 Bxd6 43. Kd4 h5 44. b3 cxb3 45. Kc3 h4 46. Kxb3 Ke7 0-1

[Event "Ruhrgebiet Regionalliga 0304"]
[Site "Ruhrgebiet"]
[Date "2003.12.14"]
[Round "4.7"]
[White "Busche, Klaus"]
[Black "Evertz, Dieter"]
[Result "1-0"]
[WhiteElo "1980"]
[BlackElo "2084"]
[PlyCount "43"]
[EventDate "2003.10.05"]
[EventType "team"]
[EventRounds "9"]
[EventCountry "GER"]
[SourceTitle "EXT 2007"]
[Source "ChessBase"]
[SourceDate "2006.11.23"]
[SourceVersion "1"]
[SourceVersionDate "2006.11.23"]
[SourceQuality "1"]
[WhiteTeam "Ahlen"]
[BlackTeam "Herne Sodingen"]
[WhiteTeamCountry "GER"]
[BlackTeamCountry "GER"]

1. d4 Nf6 2. c4 c5 3. Nf3 g6 4. dxc5 Qa5+ 5. Nc3 Bg7 6. Bd2 Qxc5 7. e4 Ng4 8. Qe2 Nc6 9. Nd5 0-0 10. h3 Nge5 11. Bc3 Nxf3+ 12. Qxf3 Nd4 13. Qd3 e5 14. Bb4 Qxb4+ 15. Nxb4 f5 16. f3 d6 17. 0-0-0 fxe4 18. fxe4 Rf2 19. Qe3 Rf4 20. Nd3 Bh6 21. Kb1 Rxe4 22. Qxh6 1-0